Nomme les horcruxs de Voldemort - Statistiques

Statistiques générales
  • Ce quiz a été pris 46 fois
  • Le résultat moyen est 4 sur 7
Statistiques - réponses
Hint Réponse % Correct
7 Harry Potter
66%
6 Bague
62%
5 Nagini
62%
3 Diadème
59%
4 Journal
55%
2 Coupe
48%
1 Médaillon
41%
Aucun quiz correspondant
Distribution des résultats
% des personnes avec chaque résultat
Percentile par nombre de réponses
Votre historique - résultats
Vous n’avez pas pris ce quiz